000 00321 a2200157 4500
001 62912
020 _a97885359280026
040 _cAnchieta - Pituba
100 _aKuper, Peter
240 1 0 _aPau e pedra
_lpor
245 1 0 _aPau e pedra
300 _a
362 0 _a2016
650 4 _aLiteratura juvenil
942 _cBK
999 _c62912
_d62912